| 000 | 00829 a2200205 4500 | ||
|---|---|---|---|
| 005 | 20080828095051.0 | ||
| 008 | 080828t xxu||||| |||| 00| 0 eng d | ||
| 010 | _aENG-89594 | ||
| 020 | _c125.00 | ||
| 035 | _aEN-73127 | ||
| 037 | _bDBAD / PUB | ||
| 082 | _a657.42 | ||
| 100 | _a Bhatta, H.S.Mahabaleshwara | ||
| 245 |
_aCost accounting/ _cby H. S. Mahabaleshwara Bhatta |
||
| 260 |
_aMumbai _bHimalaya Publishing House _c2006 |
||
| 270 |
_a"Ramdoot", Dr. Bhalerao Marg, Girgaon _bMumbai _e400004 _k022-23860170, 022-23863863 _l022-23877178 _mhimpub@vsnl.net.in |
||
| 300 |
_a330 p. _c24.5 cm (pbk) |
||
| 942 |
_adpl _cEN _k657.42 / MAH _2ddc _h657.42 |
||
| 999 |
_c10974 _d10974 |
||